| 000 | 00826cam a22002415a 4500 | ||
|---|---|---|---|
| 001 | 416986 | ||
| 005 | 20180424123418.0 | ||
| 008 | 800226t1979 enka frb 100 0 eng d | ||
| 020 | _a0566003082 | ||
| 040 |
_aDLC _cDLC _dDLC _dEG-ScBUE _beng |
||
| 043 | _aew----- | ||
| 082 | 0 | 4 |
_a381.1094 _222 _bRET |
| 245 | 0 | 0 |
_aRetail planning in the European community / _cedited by Ross L. Davies. |
| 260 |
_aFarnborough : _bSaxon House, _cc.1979. |
||
| 300 |
_axi, 214 p. : _bill. ; _c23 cm. |
||
| 504 | _aIncludes bibliographical references. | ||
| 650 | 7 |
_aRetail trade _zEuropean Economic Community countries _xCongresses. _2BUEsh |
|
| 650 | 7 |
_aShopping centers _zEuropean Economic Community countries _xCongresses. _2BUEsh |
|
| 651 | _2BUEsh | ||
| 653 |
_bGGEN _bBUSADM _cApril2018 |
||
| 700 | 1 |
_aDavies, R. L., _eeditor. |
|
| 942 | _2ddc | ||
| 999 |
_c26584 _d26556 |
||